000 00604nam a22002057a 4500
005 20240315154547.0
010 _aENG-139723
020 _c450.00
_a9788184001549
035 _aEN-123255
037 _bDBAD/PUB
082 _aN
_21
100 _aKapur Manju
_963445
245 _aCustody/
_cManju Kapur
_hEnglish
250 _a1
260 _aNoida,UP
_bRandom House Publisher India Private Limited
_c2011
270 _aMindMill Corporate Tower, 2nd Floor,Plot No.24A,Sector 16A
_bNoida
_e201301
300 _a415pages
_c22cm(hbk)
700 _aManju Kapur
_960069
942 _2ddc
_cEN
_hN
_mKAP
_e1
999 _c201538
_d201538